01165nab a22001937a 4500003000400000005001700004008004100021040000700062100002600069245013300095260007300228300001300301500003600314505034200350505008100692650001800773650003200791773014800823OSt20260205093636.0190429b xxu||||| |||| 00| 0 spa d cPJ aFalcone, Roberto (h.)13aLa posesión como hecho punible : bfisonomía de la adscripción de un estado de cosas institucional /cRoberto Falcone (H). cCiudad Autónoma de Buenos Aires :aThomson Reuters La Ley, b2024. ap. 13-35 aCita: TR LALEY AR/DOC/162/2024. aSumario: I. Las normas de comportamiento como razones para la acción.— II. El silogismo práctico.— III. Las normas silogísticamente opacas.— IV. Algunas críticas y justificaciones a la regulación de delitos de posesión.— V. Una (propia) posición legitimatoria.— VI. Hacia una democratización del derecho penal.  tSi te interesa el texto completo, solicitalo a koha@justierradelfuego.gov.ar 0aDERECHO PENAL 0aTENENCIA DE ESTUPEFACIENTES0 02658tRevista de derecho penal y criminología. Nº 4 - Mayo 2024dCiudad Autónoma de Buenos Aires : Thomson Reuters La Ley, 2017-x00347914